So I send you : (Record no. 9978)

MARC details
000 -LEADER
fixed length control field 00906nam a22002297a 4500
003 - CONTROL NUMBER IDENTIFIER
control field GBCCL
005 - DATE AND TIME OF LATEST TRANSACTION
control field 20241126110722.0
008 - FIXED-LENGTH DATA ELEMENTS--GENERAL INFORMATION
fixed length control field 231030b ||||| |||| 00| 0 eng d
020 ## - INTERNATIONAL STANDARD BOOK NUMBER
International Standard Book Number 9780281069187
040 ## - CATALOGING SOURCE
Transcribing agency GBC
082 ## - DEWEY DECIMAL CLASSIFICATION NUMBER
Classification number 266
Item number BRO
100 ## - MAIN ENTRY--PERSONAL NAME
Personal name Bowen, Roger
9 (RLIN) 16777
245 ## - TITLE STATEMENT
Title So I send you :
Remainder of title a study guide to mission /
Statement of responsibility, etc. Roger Bowen
260 ## - PUBLICATION, DISTRIBUTION, ETC.
Place of publication, distribution, etc. London :
Name of publisher, distributor, etc. SPCK,
Date of publication, distribution, etc. 2007
300 ## - PHYSICAL DESCRIPTION
Extent 266p.;
490 ## - SERIES STATEMENT
Series statement SPCK international study guide, 34
505 ## - FORMATTED CONTENTS NOTE
Formatted contents note This volume explains the foundations of Christian mission. Using scholarship and research in mission studies as well as anecdotes and stories, it shows how mission has been done and is being done, and discusses the issues facing the Church in its mission at the end of the 21st century.
650 ## - SUBJECT ADDED ENTRY--TOPICAL TERM
Topical term or geographic name entry element Missions
9 (RLIN) 885
650 ## - SUBJECT ADDED ENTRY--TOPICAL TERM
Topical term or geographic name entry element Mission of the Church
9 (RLIN) 50
650 ## - SUBJECT ADDED ENTRY--TOPICAL TERM
Topical term or geographic name entry element Missions
Form subdivision Biblical teaching
9 (RLIN) 6750
942 ## - ADDED ENTRY ELEMENTS (KOHA)
Source of classification or shelving scheme Dewey Decimal Classification
Koha item type Books
Koha issues (borrowed), all copies 1
Holdings
Withdrawn status Lost status Source of classification or shelving scheme Damaged status Not for loan Home library Current Library Shelving location Date acquired Total checkouts Full call number Barcode Date last seen Date last checked out Copy number Price effective from Koha item type
    Dewey Decimal Classification     GRACE BIBLE COLLEGE GRACE BIBLE COLLEGE Ministry & Mission 2023-10-30 2 266 BRO 020554 2025-05-01 2025-02-07 c.1 2023-10-30 Books
© Grace Bible College Library 2025